000 00708nam a2200193Ia 4500
005 20251020182611.0
008 200515s9999 xx 000 0 und d
082 _aSC/657.92(094.7)/P27
100 _aPASQUEL ORMAZA, Francisco
245 0 _aReglamentos generales de valuaciones
260 _aLima
260 _c1982
300 _a272
520 _aRecopilación de los Dispositivos Vigentes de Valuaciones expedidos con carácter oficial. Se han recolectado un conjunto de 26 Reglamentaciones principales sobre valuaciones y otras complementarias. La Reglamentación matriz está constituida por los capítul
650 _aPUB CAPECO
650 _aREGLAMENTO
650 _aVALUACIONES
942 _cLIB
999 _c3344
_d3344